Survey of Potential Users of the Digital Euro: New Evidence from Slovakia
Opis prieskumu, ktorý skúmal informovanosť a záujem o budúce používanie digitálneho eura na Slovensku. Približne 34 % opýtaných už o digitálnom eure počulo alebo čítalo. Približne 26 % vyjadrilo zámer používať túto novú digitálnu menu. Pravdepodobnosť jeho použitia závisí okrem štandardných sociálno...
Salvato in:
| Autore principale: | |
|---|---|
| Altri autori: | , , , |
| Natura: | Capitolo di libro |
| Lingua: | inglese |
| Soggetti: | |
| Tags: |
Nessun Tag, puoi essere il primo ad aggiungerne!!
|
MARC
| LEADER | 00000naa a2200000 4500 | ||
|---|---|---|---|
| 001 | 0306934 | ||
| 005 | 20250214092050.1 | ||
| 041 | 0 | |a eng | |
| 044 | |a SK | ||
| 245 | 1 | 0 | |a Survey of Potential Users of the Digital Euro: New Evidence from Slovakia |c Andrej Cupak, Pavel Gertler, Daniel Hajdiak, Ján Klacso, Štefan Rychtárik |
| 520 | |a Opis prieskumu, ktorý skúmal informovanosť a záujem o budúce používanie digitálneho eura na Slovensku. Približne 34 % opýtaných už o digitálnom eure počulo alebo čítalo. Približne 26 % vyjadrilo zámer používať túto novú digitálnu menu. Pravdepodobnosť jeho použitia závisí okrem štandardných sociálno-ekonomických faktorov aj od politických preferencií, dôvery v inštitúcie ako Centrálna banka a preferencií hotovostných platieb. | ||
| 610 | 2 | 0 | |a platby elektronické |
| 610 | 2 | 0 | |a mena digitálna |
| 610 | 2 | 0 | |a sektor finančný |
| 610 | 2 | 0 | |a platby bezhotovostné |
| 610 | 2 | 0 | |a preferencie spotrebiteľské |
| 610 | 2 | 0 | |a prieskum |
| 610 | 2 | 0 | |a eurozóna |
| 100 | 1 | |a Cupak, Andrej, 1988- | |
| 700 | 1 | |a Gertler, Pavel | |
| 700 | 1 | |a Hajdiak, Daniel | |
| 700 | 1 | |a Klacso, Ján | |
| 700 | 1 | |a Rychtárik, Štefan | |